| 000 | 01512nam a22003977a 4500 | ||
|---|---|---|---|
| 003 | AR-RoUNCS | ||
| 005 | 20260415145049.0 | ||
| 007 | ta | ||
| 008 | 241213s2003 ag |||||r|||| 00| 1 spa d | ||
| 020 | _a9789505118403 | ||
| 040 |
_cAR-RoUNCS _aAR-RoUNCS _bspa |
||
| 041 | _aspa | ||
| 080 | _082-34(7+8) | ||
| 245 | 0 | 0 |
_aCuentos latinoamericanos : _bantología / _cedición y prólogo Conrado Zuluaga. |
| 250 | _a1a ed. | ||
| 260 |
_aBuenos Aires : _bAlfaguara, _c2003. |
||
| 300 |
_a134 p. ; _c22 cm. |
||
| 490 | _aJuvenil | ||
| 505 |
_tHombre de la esquina rosada / _r Jorge Luis Borges. |
||
| 505 |
_tLos fugitivos / _rAlejo Carpentier. |
||
| 505 |
_tAutopista del Sur / _rJulio Cortázar. |
||
| 505 |
_tNos han dado la tierra / _rJuan Rulfo. |
||
| 505 |
_tRecuerdo de las sierras / _rAdolfo Bioy Casares. |
||
| 505 |
_tEn este pueblo no hay ladrones / _rGabriel García Márquez. |
||
| 520 | _aEste volumen reúne seis cuentos de seis maestros indiscutibles. Y hasta el más desprevenido lector reconoce que ellos, con su oficio solitario, han engrandecido el arte literario latinoamericano. | ||
| 650 | 4 | _aLITERATURA LATINOAMERICANA | |
| 655 | 4 | _aCUENTOS | |
| 700 | 1 |
_aZuluaga, Conrado, _eeditor _eprologuista |
|
| 700 | 1 |
_aBorges, Jorge Luis _eautor |
|
| 700 | 1 |
_aCarpentier, Alejandro _eautor |
|
| 700 | 1 |
_aCortázar , Julio _eautor |
|
| 700 | 1 |
_aRulfo, Juan _eautor |
|
| 700 | 1 |
_aBioy Casares, Adolfo _eautor |
|
| 700 | 1 |
_aGarcía Márquez, Gabriel _eautor |
|
| 942 |
_2udc _cOG _n0 |
||
| 999 |
_c404 _d404 |
||